000 00285nam a22001337a 4500
020 _a978-8180142253
041 _aENG
100 _aJain S.C
245 _aFarm Teactor Maintenance And Repair
260 _aDelhi
_bTandard PUB
_c1998
300 _a272
650 _aFMP
856 _uFMP
999 _c501
_d501